000 00573nam a2200181Ia 4500
008 090630s9999 xx 000 0 und d
082 _b25689
100 _aसामंत बाळ.
245 _aगजराज.
_cसामंत बाळ.
260 _bपरचुरे प्रकाशन मंदिर - मुंबई.
_c2002
300 _a248
600 _aसामंत बाळ.
630 _aगजराज.
655 _aसंदर्भ कोश.
700 _aसामंत बाळ.
730 _aगजराज.
942 _cBOOK
999 _c277545
_d277545